1770 1042 1931 1173 1636 1038 1090 1786 1482 1706 1249 1552 1401 1675 1706 1508 1000 1697 1197 1729 1643 1878 1587 1539 1355 1647 1546 1344 1426 1806 1224 1608 1864 1155 1175 1894 1652 1551 1435 1307 1335 1395 1154 1829 1759 1713 1948 1207 1625 1873 1246 1617 1537 1137 1257 1762 1398 1473 1897 1133 1936 1638 1165 1695 1206 1590 1334 1351 1375 1843 1933 1224 1762 1884 1999 1314 1863 1818 1797 1819 1080 1456 1615 1284 1296 1622 1731 1560 1543 1151 1460 1475 1418 1351 1805 1218 1578 1298 1482 BCNSPRNW ULIB Ver.6.0+V

เปลี่ยนเป็นภาษาไทย

Change to English
 แสดงรายละเอียดบรรณานุกรม
  กลับหน้าหลัก

Brief Record : Get Marc (ISO 2709) : E-mail record : QR code < ปิดหน้าต่าง
LEADER : 00000nam 2200000uu 4500
001    13399122566
003     ULIB
008    130731s2555||||th 000 0 tha d
020    ^a978-974-9958-54-4
050  4 อND2835^bค177ส
110 1  ^aคณะอนุกรรมการจัดทำหนังสือสมุดภาพศิลแกรรมรามเกียรติ์
245 10 ^aสมุดภาพศิลปกรรมรามเกียรติ์ ฉบับเยาวชน /^cคณะอนุกรรมการจัดทำหนังสือสมุดภาพศิลแกรรมรามเกียรติ์
260    ^aกรุงเทพฯ :^bสำนักพระราชวัง,^c
300    ^a 1 เล่ม :^bภาพประกอบ,^ecd 1 แผ่น,2555
650  7 ^aศิลปกรรมไทย
650  7 ^aรามเกียรติ์--ภาพ
650  7 ^aลายไทย
650  7 ^aภาพวาดเส้น
945    ^p0^l0^i033733
999    ^aเกษร โพธิ์สุวรรณ
รายการนี้ยังไม่มีแท็ก
คุณยังไม่ได้ล็อกอิน คุณสามารถมีกิจกรรมร่วมกับเว็บไซต์ได้ แต่ต้องล็อกอินก่อน ::
  ล็อกอิน

รายการสื่อสารสนเทศ

ลำดับที่ ประเภท เลขเรียก/บาร์โค้ด สถานที่ สถานะ
1. การศึกษาทั่วไป
การศึกษาทั่วไป
อND2835 ค177ส  
  Barcode: 033733
ห้องสมุดวิทยาเขตสวรรค์ประชารักษ์
►หนังสือทั่วไป
บนชั้น

รายการใกล้เคียง
    หัวเรื่อง [ศิลปกรรมไทย]

BibComment


ยังไม่เคยถูกคอมเมนท์

คอมเมนท์ทรัพยากรรายการนี้
  คอมเมนท์: สมุดภาพศิลปกรรมร..


 Copyright 2026. Bcnsprnw @Library